| 000 | 00673nam a2200229 a 4500 | ||
|---|---|---|---|
| 008 | |||
| 020 | _a0879011823 (hbk.) | ||
| 049 | _aMAIN | ||
| 090 | _aQC21 TIP | ||
| 100 | 1 | _aTipler, Paul Allen. | |
| 245 | 1 | 0 |
_aPhysics. _nVolume 1 / _cPaul A. Tipler ; illustrated by Felix Cooper and John Kramer. |
| 250 | _a2nd ed. | ||
| 260 |
_aNew York, N.Y. : _bWorth Publishers, _cc1982. |
||
| 300 |
_axxiv, 621 p. : _bill. (some col.) ; _c29 cm. |
||
| 500 | _aIncludes indexes. | ||
| 650 | 0 | _aPhysics. | |
| 907 |
_a.b10041497 _b23-02-07 _c17-04-03 |
||
| 003 | |||
| 005 | 20230123134142.0 | ||
| 040 | _cNUST | ||
| 942 |
_cBOOKS _kQC21 TIP |
||
| 999 |
_c160946 _d160946 |
||